LEADER 00951cam0-2200349---450- 001 990008206960403321 005 20101014124731.0 010 $a88-7423-029-X 035 $a000820696 035 $aFED01000820696 035 $a(Aleph)000820696FED01 035 $a000820696 100 $a20051017d2002----km-y0itay50------ba 101 0 $aita 102 $aIT 105 $aa-------001yy 200 1 $aNapoli segreta$fMassimo Listri$gtesti di Cesare Cunaccia 210 $aMilano$cRizzoli libri illustrati$d[2002] 215 $a159 p.$cill.$d31 cm 610 0 $aNapoli$aFotografie 676 $a758$v20$zita 700 1$aListri,$bMassimo$010837 701 1$aCunaccia,$bCesare$010838 801 0$aIT$bUNINA$gRICA$2UNIMARC 901 $aBK 912 $a990008206960403321 952 $aXXXI Varie 279$b44065$fFSPBC 952 $a03.688$b5008$fDARST 959 $aDARST 959 $aFSPBC 996 $aNapoli segreta$9739866 997 $aUNINA LEADER 01079nam--2200373---450- 001 990001609470203316 005 20070507115650.0 035 $a000160947 035 $aUSA01000160947 035 $a(ALEPH)000160947USA01 035 $a000160947 100 $a20040427d1971----km-y0itay0103----ba 101 0 $aita 102 $aIT 105 $aa|||||||001yy 200 1 $aEleonora Duse$fClemente Fusero 210 $aMilano$cDall'Oglio$d1971 215 $a423 p., [18] c. di tav.$cill.$d22 cm 225 2 $aDonne celebri$v25 410 0$12001$aDonne celebri$v25 454 1$12001 461 1$1001-------$12001 700 1$aFUSERO,$bClemente$0133441 801 0$aIT$bsalbc$gISBD 912 $a990001609470203316 951 $aXIII.1.B. 635(Varie coll. 32/25)$b65384 L.M.$cVarie coll. 959 $aBK 969 $aUMA 979 $aSIAV4$b10$c20040427$lUSA01$h1517 979 $aCOPAT4$b90$c20041230$lUSA01$h1021 979 $aCOPAT5$b90$c20060515$lUSA01$h1204 979 $aCOPAT1$b90$c20070507$lUSA01$h1156 996 $aEleonora Duse$9944904 997 $aUNISA